[Event "FIDE WCCC U12 2018"]
[Site "Santiago de Compostela"]
[Date "2018.11.10"]
[Round "6"]
[White "Han, Yichen"]
[Black "Nathan, Krishna"]
[Result "1-0"]
[WhiteElo "2061"]
[BlackElo "1895"]
[Annotator "NA RC"]
[PlyCount "159"]
[EventDate "2018.11.04"]
[EventType "swiss"]
[EventCountry "ESP"]
[SourceTitle "playchess.com"]
[Source "ChessBase"]
[SourceQuality "1"]
[TimeControl "40/5400+30:1800+30"]

1. e4 {[%emt 0:00:00]} e6 {[%emt 0:00:00]} 2. d4 {[%emt 0:00:00]} d5 {[%emt 0:00:00]} 3. Nc3 {[%emt 0:00:00]} Nf6 {[%emt 0:00:00]} 4. Bg5 {[%emt 0:00:00]} Bb4 {[%emt 0:00:00]} 5. e5 {[%emt 0:00:00]} h6 {[%emt 0:00:00]} 6. Bd2 {[%emt 0:00:09]} Bxc3 {[%emt 0:00:00]} 7. bxc3 {[%emt 0:00:05]} Ne4 {[%emt 0:00:07]} 8. Qg4 {[%emt 0:00:07]} Kf8 {[%emt 0:00:04]} 9. Bd3 {[%emt 0:00:15]} Nxd2 {[%emt 0:00:03]} 10. Kxd2 {[%emt 0:00:16]} c5 {[%emt 0:00:05]} 11. h4 {[%emt 0:00:22]} Nc6 {[%emt 0:00:50]} 12. Rh3 {[%emt 0:01:21]} c4 {[%emt 0:00:08]} 13. Be2 {[%emt 0:00:56]} Bd7 {[%emt 0:02:00] C12: French: Classical System: McCutcheon Variation} 14. Rg3 {[%emt 0:01:32]} Rg8 {[%emt 0:04:23]} 15. Qf4 {[%emt 0:01:54]} b5 {[%emt 0:08:58]} 16. Bh5 {[%emt 0:01:06]} Qe7 {[%emt 0:03:06]} 17. a3 {[%emt 0:03:15]} a5 {[%emt 0:11:07]} 18. Ne2 {[%emt 0:00:31] [#]} Rh8 $146 {[%emt 0:07:27]} ({Predecessor:} 18... Nd8 19. Rf3 Ke8 20. Qg3 Bc6 21. Nf4 Kd7 22. Bg4 b4 23. axb4 axb4 24. Rxa8 Bxa8 25. cxb4 Qxb4+ 26. Rc3 Bc6 27. Nd3 {0-1 (27) Boudre,J (2397)-Bricard,E (2506) Besancon 1999}) 19. Ke1 {[%emt 0:03:35]} Kg8 {[%emt 0:07:54]} 20. Kf1 {[%emt 0:01:35]} Rf8 {[%emt 0:04:31]} 21. Qg4 {[%emt 0:10:39]} Rh7 {[%emt 0:00:59]} 22. Nf4 {[%emt 0:03:40]} Be8 {[%emt 0:03:01]} 23. Qh3 {[%emt 0:04:35]} b4 {[%emt 0:08:56]} 24. axb4 {[%emt 0:01:10]} axb4 {[%emt 0:00:02]} 25. Bd1 {[%emt 0:18:45]} f5 {[%emt 0:05:37]} 26. exf6 {[%emt 0:08:05]} Rxf6 {[%emt 0:00:15]} 27. Ne2 {[%emt 0:05:52]} g6 {[%emt 0:06:56]} 28. Re3 {[%emt 0:04:42]} Rhf7 {[%emt 0:02:29]} 29. f3 {[%emt 0:00:36]} Qd6 {[%emt 0:04:34]} 30. cxb4 {[%emt 0:01:56]} Nxb4 {[%emt 0:01:17]} 31. Qg3 {[%emt 0:01:22]} Qxg3 {[%emt 0:02:02]} 32. Nxg3 {[%emt 0:00:26]} Nc6 {[%emt 0:01:35]} 33. c3 {[%emt 0:00:55]} Ra7 {[%emt 0:02:42]} 34. Rxa7 {[%emt 0:02:18]} Nxa7 {[%emt 0:00:02]} 35. Nh1 {[%emt 0:01:13]} Nb5 {[%emt 0:01:51]} 36. Ba4 {[%emt 0:01:16]} Kf8 {[%emt 0:00:58]} 37. Bxb5 {[%emt 0:00:17]} Bxb5 {[%emt 0:00:01]} 38. Nf2 {[%emt 0:00:20]} h5 {[%emt 0:01:14]} 39. Nh3 {[%emt 0:00:55]} Ke7 {[%emt 0:00:50]} 40. g3 {[%emt 0:00:00]} Kd6 {[%emt 0:00:00]} 41. Nf4 {[%emt 0:01:31]} Be8 {[%emt 0:03:41]} 42. Kg2 {[%emt 0:02:48]} Bf7 {[%emt 0:01:10]} 43. Nh3 {[%emt 0:00:46]} Be8 {[%emt 0:01:39]} 44. g4 {[%emt 0:01:20]} hxg4 {[%emt 0:03:02]} 45. fxg4 {[%emt 0:00:49]} Rf8 {[%emt 0:01:59]} 46. Ng5 {[%emt 0:02:16]} Bd7 {[%emt 0:00:53]} 47. Rf3 {[%emt 0:02:05]} Ra8 {[%emt 0:04:11] [#]} 48. Nf7+ $1 {[%emt 0:00:36]} Ke7 {[%emt 0:00:24]} 49. Ne5 {[%emt 0:00:08]} Be8 {[%emt 0:00:18]} 50. Kg3 {[%emt 0:00:35]} Ra1 {[%emt 0:01:49]} 51. Kf4 {[%emt 0:04:38]} Kf6 $1 {[%emt 0:01:46]} 52. Rh3 {[%emt 0:01:32]} Rc1 {[%emt 0:01:36]} 53. Re3 {[%emt 0:02:22]} Rh1 {[%emt 0:03:16]} 54. Nf3 {[%emt 0:02:02]} Rf1 {[%emt 0:01:34]} 55. Kg3 {[%emt 0:02:46]} Bd7 $2 {[%emt 0:04:32]} (55... Rd1 $14) 56. Ne5 {[%emt 0:01:37]} Be8 {[%emt 0:00:57] [#]} 57. Rf3+ $1 {[%emt 0:01:27]} Rxf3+ {[%emt 0:00:01]} 58. Nxf3 {[%emt 0:00:20]} Bf7 {[%emt 0:03:36]} 59. Ne5 {[%emt 0:00:23]} Be8 {[%emt 0:00:02]} 60. Kf4 {[%emt 0:00:17]} Ba4 {[%emt 0:01:10]} 61. h5 $2 {[%emt 0:02:26]} (61. g5+ $18 {is the precise move to win.} Kg7 62. Ng4) 61... g5+ {[%emt 0:02:13]} 62. Ke3 {[%emt 0:00:09]} Bc2 {[%emt 0:00:28] [#]} ({Better is} 62... Kg7 $14) 63. Kd2 $1 {[%emt 0:00:09]} Be4 {[%emt 0:00:35] [#]} 64. Kc1 $1 {[%emt 0:00:24]} Kg7 {[%emt 0:01:23] [#]} 65. Kb2 $1 {[%emt 0:00:48]} Kf6 {[%emt 0:01:19]} 66. Ka3 {[%emt 0:00:13]} Ke7 {[%emt 0:01:25]} 67. Kb4 {[%emt 0:00:13]} Kf6 {[%emt 0:01:20]} 68. Kc5 {[%emt 0:00:23]} Bd3 {[%emt 0:01:37]} 69. Kd6 {[%emt 0:00:21]} Bh7 {[%emt 0:00:36]} 70. Nd7+ {[%emt 0:00:38]} Kf7 {[%emt 0:00:39]} 71. Nc5 {[%emt 0:00:54]} Bd3 {[%emt 0:01:12]} 72. Nxe6 {[%emt 0:00:35]} Be2 {[%emt 0:00:02]} 73. Nxg5+ {[%emt 0:00:39]} Kf6 {[%emt 0:00:11]} 74. h6 {[%emt 0:00:36]} Bxg4 {[%emt 0:00:27]} 75. h7 {[%emt 0:00:04]} Kg7 {[%emt 0:00:10]} 76. Kxd5 {[%emt 0:00:09]} Be2 {[%emt 0:00:04]} 77. Kc6 {[%emt 0:00:19]} Bd3 {[%emt 0:01:52]} 78. d5 {[%emt 0:00:08]} Bxh7 {[%emt 0:02:17]} 79. Nxh7 {[%emt 0:00:03]} Kxh7 {[%emt 0:00:10]} 80. d6 {[%emt 0:00:03]} 1-0

[Event "FIDE WCCC U12 2018"]
[Site "Santiago de Compostela"]
[Date "2018.11.10"]
[Round "6"]
[White "Xu, Arthur"]
[Black "Murzin, Volodar"]
[Result "0-1"]
[WhiteElo "2034"]
[BlackElo "2340"]
[Annotator "TA"]
[PlyCount "160"]
[EventDate "2018.11.04"]
[EventType "swiss"]
[EventCountry "ESP"]
[SourceTitle "playchess.com"]
[Source "ChessBase"]
[SourceQuality "1"]

{[%evp 32,160,0,7,9,0,25,-8,0,0,0,0,118,0,24,0,40,0,0,0,0,0,0,0,0,0,0,0,0,0,0,0,0,-102,-114,-104,-96,-68,0,-16,0,0,0,0,0,-21,-27,-94,-50,-56,-44,-89,0,0,0,0,0,0,0,-63,-40,-484,-395,-474,-457,-488,-484,-484,-485,-484,-463,-460,-421,-424,-404,-589,-600,-490,-407,-488,-435,-416,-292,-281,-245,-682,-682,-656,-651,-689,-682,-671,0,-664,-664,-652,-652,-605,-600,-675,-664,-1617,-615,-552,0,-1650,-1502,-5177,-4710,-29967,-29969,-29966,-29969,-29973,-29976,-29976,-29976,-29977,-29977,-29978,-29978,-29975,-29976,-29984,-29985,-29990,-29991,-29991,-29992,-29992,-429]} 1. e4 c5 2. Nf3 d6 3. d4 cxd4 4. Nxd4 Nf6 5. Nc3 a6 6. Be3 e5 7. Nb3 Be6 8. f3 Be7 9. Qd2 O-O 10. O-O-O Nbd7 11. g4 b5 12. g5 Nh5 {[%cal Bf6h5,Bh5g3,Bg3f1][%mdl 32]} 13. Nd5 Bxd5 {B90: Sicilian Najdorf: Unusual White 6th moves, 6 Be3 Ng4 and 6 Be3 e5} 14. exd5 f6 15. h4 (15. gxf6 Bxf6 16. Kb1 Nf4 17. Na5 Nb6 18. Nc6 Qc7 19. Bxf4 exf4 20. c3 Rae8 21. Rg1 {½-½ (88) So,W (2776)-Wojtaszek,R (2727) Batumi 2018}) 15... Ng3 16. Rg1 Nxf1 17. Rdxf1 {LiveBook: 3 Games} a5 18. g6 f5 $146 ({Predecessor:} 18... a4 19. gxh7+ Kh8 20. Na5 Qxa5 21. Qg2 {1-0 (21) Jijon,F (2309)-Hitzegrad,J (2320) ICCF email 2015}) 19. gxh7+ Kh8 $1 (19... Kxh7 $6 20. f4 $16 (20. Qg2 Rf7 $16)) 20. Qg2 {[%csl Gg1][%cal Rg2g7]} Rf7 21. h5 Nf8 (21... Nf6 $11) 22. Kb1 (22. f4 $1 $16 {[%cal Rf4e5] Black must now prevent fxe5.} Bf6 23. fxe5 Bxe5 24. Nd4) 22... a4 $1 $11 {[%cal Ra4b3]} 23. Nc1 $1 b4 24. Qd2 f4 25. Bf2 Rb8 26. Qd3 Bf6 27. Rg4 Qd7 28. Rfg1 Qb5 29. Qe4 Rc8 30. h6 g5 $1 31. Qf5 Qd7 32. Qxd7 (32. Qd3 $11 {remains equal.}) 32... Rxd7 $17 33. Nd3 Rb7 34. Be1 Rcb8 (34... b3 $15 35. cxb3 axb3) 35. Nf2 $1 $11 Nxh7 36. Ne4 Be7 {Black wants to play ...Nf6.} 37. R4g2 $1 Rb5 38. Rd2 Rg8 39. c4 (39. Rdg2 $11 {keeps the balance.}) 39... bxc3 $1 $17 40. Nxc3 Ra5 41. Ne4 Rg6 ({Black should play} 41... g4 $1 $17 42. Rd1 (42. fxg4 Ng5 $11) (42. Rxg4 Rxg4 43. fxg4 Nf6 $11) 42... Ra7) 42. Rc2 $11 Rxd5 {Hoping for ...Rd1+.} 43. Rc8+ $1 Rg8 44. Rc7 Re8 45. Bb4 (45. Kc2 $11) 45... Rd4 $1 $15 {[%cal Rd4b4]} 46. Rgc1 $2 {[%mdl 8192]} (46. Ba5 $15) 46... Rxb4 $19 47. Rxe7 Rxe7 48. Rc8+ {[#]} Nf8 $1 49. Nxg5 {[%cal Rc8f8]} (49. Rxf8+ Kh7) 49... Kg8 50. h7+ {[#]} Rxh7 $1 ({Weaker is} 50... Kg7 {[#]} 51. Rxf8 $1 {[%mdl 512]} Rxb2+ 52. Kxb2 Rb7+ 53. Ka3 Kxf8 54. h8=Q+ Ke7 55. Qg7+ Ke8 56. Qxb7) 51. Nxh7 Kxh7 52. Rxf8 {[%mdl 4096] Endgame KR-KR} Kg7 53. Rd8 (53. Re8 $142 e4 54. Rc8) 53... Rd4 54. Kc2 Kf7 55. b3 axb3+ 56. axb3 Ke6 57. Rb8 Kd7 58. b4 $2 (58. Rb7+ Ke6 59. Rb8) 58... Kc6 59. Kc3 Rd1 60. Rc8+ Kb6 {...Rc1+ is the strong threat.} 61. Rd8 Kc6 62. Rc8+ Kb7 63. Rd8 Kc7 64. Rh8 Rf1 65. Rh3 Kc6 66. Kc4 {White hopes to continue with b5+.} Rc1+ (66... d5+ $142 67. Kb3 Kb5) 67. Kb3 Rf1 (67... Rb1+ $142 68. Kc3 Kb5) 68. Kc4 $1 d5+ 69. Kb3 Kb5 70. Kc3 Rf2 {Black mates.} 71. Kb3 Re2 72. Rh5 Re3+ 73. Kc2 Kxb4 74. Kd2 Kc4 75. Kc2 Kd4 76. Rh3 e4 {[%cal Be5e4,Be4f3,Bf3f2][%mdl 32]} 77. Kd2 Rxf3 78. Rxf3 exf3 79. Ke1 Ke3 80. Kf1 f2 {Precision: White = 40%, Black = 73%.} 0-1

[Event "FIDE WCCC U12 2018"]
[Site "Santiago de Compostela"]
[Date "2018.11.10"]
[Round "6"]
[White "Samadov, Read"]
[Black "Guo, Arthur"]
[Result "1-0"]
[WhiteElo "2029"]
[BlackElo "2333"]
[Annotator "ChessBase"]
[PlyCount "93"]
[EventDate "2018.11.04"]
[EventType "swiss"]
[EventCountry "ESP"]
[SourceTitle "playchess.com"]
[Source "ChessBase"]
[SourceQuality "1"]
[TimeControl "40/5400+30:1800+30"]

1. d4 {[%emt 0:00:00]} Nf6 {[%emt 0:00:00]} 2. c4 {[%emt 0:00:00]} e6 {[%emt 0:00:00]} 3. Nf3 {[%emt 0:00:00]} Bb4+ {[%emt 0:00:00]} 4. Nbd2 {[%emt 0:00:00]} b6 {[%emt 0:00:00]} 5. a3 {[%emt 0:00:20]} Bxd2+ {[%emt 0:00:00]} 6. Qxd2 {[%emt 0:00:14]} Bb7 {[%emt 0:00:04]} 7. e3 {[%emt 0:00:16]} d6 8. Be2 {[%emt 0:00:18]} O-O {[%emt 0:00:09]} 9. b4 {[%emt 0:01:21]} Nbd7 {[%emt 0:00:05]} 10. Bb2 {[%emt 0:00:17]} Ne4 {[%emt 0:00:05]} 11. Qc2 {[%emt 0:01:53]} f5 {[%emt 0:00:05]} 12. d5 {[%emt 0:11:14]} e5 {[%emt 0:01:37]} 13. Nd2 {[%emt 0:02:54]} Nxd2 {[%emt 0:01:06]} 14. Qxd2 {[%emt 0:00:10]} Qg5 {[%emt 0:03:32]} 15. O-O {[%emt 0:02:26]} Rae8 {[%emt 0:01:36]} 16. Rae1 {[%emt 0:02:25]} Qg6 {[%emt 0:01:21]} 17. f4 {[%emt 0:08:55]} c6 {[%emt 0:10:28]} 18. dxc6 {[%emt 0:10:06]} Bxc6 {[%emt 0:03:22]} 19. Bd3 {[%emt 0:07:36]} Kh8 {[%emt 0:04:30]} 20. Qc2 {[%emt 0:04:39]} Qg4 {[%emt 0:05:43]} 21. Qf2 {[%emt 0:03:30]} Rf6 {[%emt 0:00:38]} 22. Be2 Qg6 {[%emt 0:01:36]} 23. Bf3 {[%emt 0:03:00]} Rc8 {[%emt 0:00:30]} 24. Bxc6 Rxc6 {[%emt 0:00:02]} 25. Qf3 {[%emt 0:06:28]} Rxc4 {[%emt 0:09:30]} 26. fxe5 {[%emt 0:02:58]} dxe5 {[%emt 0:02:57]} 27. Bxe5 {[%emt 0:05:15]} Rf8 {[%emt 0:18:09]} 28. Bd4 {[%emt 0:05:00]} a6 {[%emt 0:00:30]} 29. Rc1 {[%emt 0:00:30]} Qe6 {[%emt 0:08:24]} 30. Qg3 {[%emt 0:06:21]} Rf7 {[%emt 0:00:42]} 31. h3 {[%emt 0:03:17]} f4 {[%emt 0:07:55]} 32. Rxc4 {[%emt 0:02:43]} Qxc4 33. Rxf4 {[%emt 0:01:41]} Qc7 {[%emt 0:06:20]} 34. Qf3 {[%emt 0:05:54]} Rxf4 {[%emt 0:00:16]} 35. Qxf4 {[%emt 0:01:23]} Qxf4 {[%emt 0:05:33]} 36. exf4 {[%emt 0:00:03]} Kg8 {[%emt 0:00:26]} 37. Kf2 {[%emt 0:03:02]} Kf7 {[%emt 0:01:22]} 38. Ke3 {[%emt 0:01:15]} g6 {[%emt 0:00:30]} 39. Ke4 {[%emt 0:00:38]} Ke6 {[%emt 0:00:07]} 40. a4 {[%emt 0:00:00]} b5 {[%emt 0:00:00]} 41. axb5 {[%emt 0:07:31]} axb5 {[%emt 0:00:45]} 42. g4 {[%emt 0:00:30]} Nb8 {[%emt 0:00:30]} 43. f5+ {[%emt 0:02:51]} Kd7 {[%emt 0:00:58]} 44. fxg6 {[%emt 0:05:02]} hxg6 {[%emt 0:00:03]} 45. Kd5 {[%emt 0:00:55]} Nc6 {[%emt 0:00:04]} 46. Bc3 {[%emt 0:00:05]} Nd8 {[%emt 0:00:23]} 47. Kc5 {[%emt 0:00:28]} 1-0

[Event "FIDE WCCC U12 2018"]
[Site "Santiago de Compostela"]
[Date "2018.11.10"]
[Round "6"]
[White "Park, Evan"]
[Black "Lazavik, Denis"]
[Result "0-1"]
[WhiteElo "1997"]
[BlackElo "2235"]
[Annotator "ChessBase"]
[PlyCount "76"]
[EventDate "2018.11.04"]
[EventType "swiss"]
[EventCountry "ESP"]
[SourceTitle "playchess.com"]
[Source "ChessBase"]
[SourceQuality "1"]
[TimeControl "40/5400+30:1800+30"]

1. e4 {[%emt 0:00:00]} e5 {[%emt 0:00:00]} 2. Nf3 {[%emt 0:00:00]} Nc6 {[%emt 0:00:21]} 3. Bc4 {[%emt 0:00:00]} Bc5 {[%emt 0:01:58]} 4. O-O {[%emt 0:00:09]} Nf6 {[%emt 0:01:47]} 5. d3 {[%emt 0:00:40]} d6 {[%emt 0:01:45]} 6. c3 {[%emt 0:00:29]} a6 {[%emt 0:03:03]} 7. a4 {[%emt 0:01:50]} h6 {[%emt 0:03:08]} 8. Re1 {[%emt 0:01:52]} O-O {[%emt 0:01:37]} 9. h3 {[%emt 0:02:02]} Be6 {[%emt 0:05:59]} 10. Bxe6 {[%emt 0:05:23]} fxe6 {[%emt 0:00:08]} 11. d4 {[%emt 0:03:26]} exd4 {[%emt 0:02:33]} 12. cxd4 {[%emt 0:01:23]} Ba7 {[%emt 0:02:57]} 13. Nc3 {[%emt 0:04:13]} d5 {[%emt 0:03:31]} 14. e5 {[%emt 0:03:09]} Nd7 {[%emt 0:10:34]} 15. Be3 {[%emt 0:04:07]} Qe7 {[%emt 0:03:29]} 16. Ne2 {[%emt 0:10:02]} Rf5 {[%emt 0:16:13]} 17. Ng3 {[%emt 0:12:08]} Rf7 {[%emt 0:01:48]} 18. Qd3 {[%emt 0:03:52]} Nf8 {[%emt 0:01:50]} 19. Rad1 {[%emt 0:03:14]} Nb4 {[%emt 0:06:23]} 20. Qb3 {[%emt 0:06:10]} c5 {[%emt 0:02:34]} 21. dxc5 {[%emt 0:03:15]} Bxc5 {[%emt 0:00:23]} 22. Bxc5 {[%emt 0:04:21]} Qxc5 {[%emt 0:00:05]} 23. Rc1 {[%emt 0:02:43]} Qa5 {[%emt 0:05:45]} 24. Rc3 {[%emt 0:05:12]} Nc6 {[%emt 0:01:17]} 25. Rec1 {[%emt 0:02:33]} Ng6 {[%emt 0:02:27]} 26. Rc5 {[%emt 0:04:20]} Qd8 {[%emt 0:01:04]} 27. Qe3 {[%emt 0:02:05]} Qd7 {[%emt 0:04:17]} 28. Ne2 {[%emt 0:03:35]} Raf8 {[%emt 0:02:06]} 29. Ned4 {[%emt 0:04:35]} Nge7 {[%emt 0:03:39]} 30. b4 {[%emt 0:02:24]} Nxd4 {[%emt 0:02:12]} 31. Nxd4 {[%emt 0:00:31]} Nf5 {[%emt 0:00:41]} 32. Nxf5 Rxf5 {[%emt 0:00:10]} 33. Rc7 {[%emt 0:02:52]} Qxa4 {[%emt 0:00:27]} 34. Rxb7 {[%emt 0:01:08]} Rxf2 {[%emt 0:02:42]} 35. Qb6 Qa3 {[%emt 0:04:55]} 36. Qxe6+ {[%emt 0:03:05]} Kh8 {[%emt 0:00:10]} 37. Rbc7 {[%emt 0:00:41]} Qe3 {[%emt 0:02:30]} 38. Qg4 {[%emt 0:00:55]} R2f4+ {[%emt 0:00:15]} 0-1

[Event "FIDE WCCC U12 2018"]
[Site "Santiago de Compostela"]
[Date "2018.11.10"]
[Round "6"]
[White "Hommer, Jeremy"]
[Black "Del Prado Rodriguez, Xulio"]
[Result "1/2-1/2"]
[WhiteElo "1987"]
[BlackElo "1734"]
[Annotator "NA"]
[PlyCount "82"]
[EventDate "2018.11.04"]
[EventType "swiss"]
[EventCountry "ESP"]
[SourceTitle "playchess.com"]
[Source "ChessBase"]
[SourceQuality "1"]
[TimeControl "40/5400+30:1800+30"]

1. d4 {[%emt 0:00:00]} Nf6 {[%emt 0:00:01]} 2. Bf4 {[%emt 0:00:00]} e6 {[%emt 0:00:11]} 3. e3 {[%emt 0:00:00]} c5 {[%emt 0:00:46]} 4. c3 {[%emt 0:00:07]} b6 {[%emt 0:00:22]} 5. Nd2 {[%emt 0:00:45]} Bb7 {[%emt 0:00:52]} 6. h3 {[%emt 0:00:37]} Be7 {[%emt 0:00:10]} 7. Ngf3 {[%emt 0:01:26]} O-O {[%emt 0:00:44]} 8. Bd3 {[%emt 0:00:47]} cxd4 {[%emt 0:01:48]} 9. exd4 {[%emt 0:01:22]} d6 {[%emt 0:00:41]} 10. O-O {[%emt 0:05:01]} Re8 {[%emt 0:02:22]} 11. Bh2 {[%emt 0:05:25]} a6 {[%emt 0:02:51]} 12. Re1 {[%emt 0:05:36]} Nbd7 {[%emt 0:01:42]} 13. Nc4 {[%emt 0:07:13]} Nf8 {[%emt 0:03:06]} 14. a4 {[%emt 0:01:50]} b5 {[%emt 0:07:54]} 15. Ncd2 {[%emt 0:07:12]} Qd7 {[%emt 0:03:52]} 16. Ne4 {[%emt 0:11:36]} Nxe4 {[%emt 0:17:39]} 17. Bxe4 {[%emt 0:00:03]} Bxe4 {[%emt 0:00:09]} 18. Rxe4 {[%emt 0:00:04]} d5 {[%emt 0:01:13]} 19. Re3 {[%emt 0:08:51]} Ng6 {[%emt 0:02:02]} 20. Ne5 {[%emt 0:08:53]} Nxe5 {[%emt 0:02:36]} 21. Bxe5 {[%emt 0:00:10]} Bd6 {[%emt 0:07:21]} 22. Qe2 {[%emt 0:06:19]} Bxe5 {[%emt 0:02:29]} 23. Rxe5 {[%emt 0:00:25]} bxa4 {[%emt 0:01:07]} 24. h4 {[%emt 0:01:30]} Qb5 {[%emt 0:05:05]} 25. Qc2 {[%emt 0:03:55]} Reb8 {[%emt 0:08:43]} 26. Re2 {[%emt 0:00:30]} Rb6 {[%emt 0:00:50]} 27. Rxa4 {[%emt 0:00:46]} a5 {[%emt 0:01:20]} 28. h5 {[%emt 0:02:26]} Rab8 {[%emt 0:00:58]} 29. Ra2 {[%emt 0:00:57]} h6 {[%emt 0:02:10]} 30. Rd2 {[%emt 0:02:52]} Qc4 {[%emt 0:04:40]} 31. Qa4 {[%emt 0:02:47]} Qxa4 {[%emt 0:01:42]} 32. Rxa4 {[%emt 0:00:06]} Rxb2 {[%emt 0:00:02]} 33. Rxb2 {[%emt 0:00:14]} Rxb2 {[%emt 0:00:08]} 34. Rxa5 {[%emt 0:00:13]} Kf8 {[%emt 0:04:52]} 35. Ra7 {[%emt 0:00:53]} Rc2 {[%emt 0:01:35]} 36. Rc7 {[%emt 0:00:10]} f6 {[%emt 0:01:30]} 37. g3 {[%emt 0:01:17]} Kg8 {[%emt 0:03:18]} 38. Kg2 {[%emt 0:01:20]} Kf8 {[%emt 0:00:10]} 39. Kf3 {[%emt 0:00:20]} Rd2 {[%emt 0:00:22]} 40. Ke3 {[%emt 0:00:00]} Rc2 {[%emt 0:00:00]} 41. Kf3 {[%emt 0:01:48]} Rd2 {[%emt 0:00:28] Ke4} 1/2-1/2

[Event "FIDE WCCC U12 2018"]
[Site "Santiago de Compostela"]
[Date "2018.11.10"]
[Round "6"]
[White "Anghel, Iulian-Mihai"]
[Black "Klimkowski, Jan"]
[Result "1-0"]
[WhiteElo "1981"]
[BlackElo "1810"]
[Annotator "NA"]
[PlyCount "81"]
[EventDate "2018.11.04"]
[EventType "swiss"]
[EventCountry "ESP"]
[SourceTitle "playchess.com"]
[Source "ChessBase"]
[SourceQuality "1"]
[TimeControl "40/5400+30:1800+30"]

1. e4 c5 2. Nf3 d6 3. d4 cxd4 4. Nxd4 Nf6 5. Nc3 a6 6. Be3 e5 7. Nb3 Be6 8. h3 d5 9. exd5 Nxd5 10. Nxd5 Qxd5 11. Qxd5 Bxd5 12. O-O-O Be6 13. Na5 b5 14. g3 Nd7 15. Bg2 Rd8 16. Nb7 Rc8 17. Nd6+ Bxd6 18. Rxd6 a5 19. Rhd1 Ke7 20. Bc6 Rc7 21. Bxb5 Rhc8 22. c3 Nc5 23. Bxc5 Rxc5 24. a4 Bxh3 25. Ra6 R8c7 26. Rxa5 Bd7 27. Kc2 Bxb5 28. Rxb5 Rxb5 29. axb5 Rc5 30. b4 Rxb5 31. Kb3 Rb7 32. Re1 Ke6 33. c4 f5 34. c5 Rd7 35. Rc1 Rd3+ 36. Kc4 Rd2 37. Kb5 Kd7 38. Kb6 Ra2 39. c6+ Kc8 40. Rd1 e4 41. c7 1-0

[Event "FIDE WCCC U12 2018"]
[Site "Santiago de Compostela"]
[Date "2018.11.10"]
[Round "6"]
[White "Chen, Max"]
[Black "Tashev, Aleksandar"]
[Result "1-0"]
[WhiteElo "1910"]
[BlackElo "2211"]
[Annotator "ChessBase"]
[PlyCount "51"]
[EventDate "2018.11.04"]
[EventType "swiss"]
[EventCountry "ESP"]
[SourceTitle "playchess.com"]
[Source "ChessBase"]
[SourceQuality "1"]
[TimeControl "40/5400+30:1800+30"]

1. e4 {[%emt 0:00:00]} c5 {[%emt 0:00:00]} 2. Nf3 {[%emt 0:00:33]} Nc6 {[%emt 0:00:29]} 3. Bb5 {[%emt 0:00:39]} e5 {[%emt 0:01:18]} 4. O-O {[%emt 0:04:12]} Nge7 {[%emt 0:01:53]} 5. c3 {[%emt 0:00:53]} g6 {[%emt 0:03:13]} 6. d4 {[%emt 0:04:16]} cxd4 {[%emt 0:01:06]} 7. cxd4 {[%emt 0:00:27]} exd4 {[%emt 0:00:41]} 8. Nxd4 {[%emt 0:04:51]} Bg7 {[%emt 0:00:40]} 9. Be3 {[%emt 0:03:34]} O-O {[%emt 0:01:38]} 10. Nc3 d5 {[%emt 0:01:04]} 11. exd5 {[%emt 0:02:58]} Nxd5 {[%emt 0:00:34]} 12. Nxc6 {[%emt 0:01:29]} bxc6 {[%emt 0:01:19]} 13. Nxd5 {[%emt 0:04:32]} cxb5 {[%emt 0:15:22]} 14. Bc5 {[%emt 0:21:51]} Re8 {[%emt 0:11:01]} 15. Be7 {[%emt 0:04:19]} Qd7 {[%emt 0:09:09]} 16. Rc1 {[%emt 0:00:34]} Kh8 {[%emt 0:14:28]} 17. Nc7 {[%emt 0:10:23]} Qxe7 {[%emt 0:05:30]} 18. Nxa8 {[%emt 0:02:22]} Bb7 {[%emt 0:01:47]} 19. Re1 {[%emt 0:04:43]} Qxe1+ {[%emt 0:02:28]} 20. Qxe1 {[%emt 0:00:08]} Rxe1+ {[%emt 0:00:07]} 21. Rxe1 {[%emt 0:00:04]} Bf6 {[%emt 0:06:29]} 22. Nc7 {[%emt 0:01:08]} a6 {[%emt 0:03:13]} 23. Re8+ {[%emt 0:03:04]} Kg7 {[%emt 0:00:02]} 24. Rb8 {[%emt 0:00:07]} Bc6 {[%emt 0:00:16]} 25. Rb6 {[%emt 0:00:21]} Bd7 {[%emt 0:00:03]} 26. Rd6 {[%emt 0:00:28]} 1-0